Statistics for FIFA 22 TOTW 17

Click here to take the quiz!

General Stats

  • This quiz has been taken 7 times
  • The average score is 11 of 23

Answer Stats

ClubPositionRatingAnswer% Correct
PSGCB89Marquinhos
100%
SassuoloRW86Domenico Berardi
83%
LazioCM87Sergej Milinkovic-Savic
83%
AC MilanLB87Theo Hernandez
83%
OGC NiceGK83Walter Benitez
83%
RB LeipzigST86Andre Silva
67%
MonacoCDM84Aurelien Tchouameni
67%
Real BetisRB82Hector Bellerin
67%
Borussia DortmundCM84Jude Bellingham
67%
LevanteGK84Aitor
50%
Inter MilanCB87Alessandro Bastoni
50%
StrasbourgST82Ludovic Ajorque
50%
Real SociedadLW87Mikel Oyarzabal
50%
Borussia MonchengladbachRWB83Stefan Lainer
50%
MarseilleRW84Cenzig Under
33%
HoffenheimLWB82David Raum
33%
GranadaRM82Antonio Puertas
17%
HuescaST75Dani Escriche
17%
Santa ClaraCAM79Lincoln
17%
Guangzhou CityLW67Song Wenjie
17%
GoztepeST77Cherif Ndiaye
0%
Hellas VeronaCF81Gianluca Caprari
0%
CarlisleLB70Jack Armer
0%

Score Distribution

Percentile by Number Answered

Percent of People with Each Score

Your Score History

You have not taken this quiz